Like A Rolling Stone, By Bob Dylan Lyrics - Statistics

General Stats
  • This quiz has been taken 49 times
  • The average score is 257 of 393
Answer Stats
Answer % Correct
a
100%
A
100%
Like
98%
like
98%
be
95%
do
95%
it
95%
on
95%
On
95%
rolling
95%
stone
95%
to
95%
To
95%
you
95%
You
95%
How
93%
how
93%
no
93%
so
93%
your
93%
does
90%
feel
90%
the
90%
complete
85%
unknown
85%
in
80%
own
80%
used
80%
Now
78%
now
78%
time
78%
With
78%
with
78%
fine
76%
He
76%
he
76%
that
76%
direction
73%
ever
73%
home
73%
Once
73%
don't
71%
Go
71%
out
71%
upon
71%
where
71%
And
68%
and
68%
talk
68%
meal
66%
was
66%
when
66%
When
66%
all
63%
did
63%
laugh
63%
loud
63%
not
63%
they
63%
were
63%
you're
63%
You're
63%
about
61%
About
61%
prime
61%
didn't
59%
next
59%
proud
59%
see
59%
dressed
56%
without
56%
hanging
54%
Everybody
51%
having
51%
say
51%
But
49%
but
49%
dime
49%
for
49%
People
49%
people
49%
scrounging
49%
seem
49%
get
46%
got
46%
of
46%
his
44%
Who
44%
ain't
41%
Ain't
41%
at
41%
At
41%
call
41%
diplomat
41%
kidding
41%
thought
41%
'beware
39%
cat
39%
could
39%
him
39%
it's
39%
Napoleon
39%
Siamese
39%
doll
37%
from
37%
have
37%
language
37%
never
37%
Threw
37%
bound
34%
bums
34%
can't
34%
fall'
34%
nothing
34%
rags
34%
shoulder
34%
took
34%
you've
34%
After
32%
everything
32%
know
32%
make
32%
steal
32%
amused
29%
As
29%
deal
29%
gonna
29%
into
29%
lose
29%
want
29%
around
27%
gone
27%
good
27%
He's
27%
Lonely
27%
really
27%
alright
24%
calls
24%
eyes
24%
horse
24%
kicks
24%
let
24%
Miss
24%
carried
22%
made
22%
only
22%
other
22%
realise
22%
refuse
22%
shouldn't
22%
street
22%
clowns
20%
compromise
20%
conceal
20%
finest
20%
hard
20%
jugglers
20%
juiced
20%
ride
20%
schools
20%
take
20%
alibis
17%
any
17%
chrome
17%
frowns
17%
secrets
17%
selling
17%
stare
17%
thinking
17%
tricks
17%
understood
17%
Ah
15%
ah
15%
Ahh
15%
babe
15%
invisible
15%
live
15%
mystery
15%
pretty
15%
vaccum
15%
better
12%
isn't
12%
Nobody's
12%
ring
12%
taught
12%
They're
12%
turned
12%
discovered
10%
pawn
10%
they've
10%
tramp
10%
diamond
7%
gifts
7%
princess
7%
drinking
5%
Exchanging
5%
precious
5%
steeple
5%
No matching quizzes found
Score Distribution
Percent of People with Each Score
Percentile by Number Answered
Your Score History
You have not taken this quiz